Complétez les paroles de Pierre Garnier - Click Quizz - Statistiques

Statistiques générales
  • Ce quiz a été pris 557 fois
  • Le résultat moyen est 10 sur 12
Statistiques - réponses
Hint Réponse % Correct
S'il fallait recommencer, je crois que ... je ne changerais rien
96%
J'ai parcouru le monde, j'ai traversé les années sans jamais t'oublier, et ... j'ai vécu chaque seconde
94%
Six heures du matin, j'suis encore réveillé. Je sais bien que demain ... j'aurai tout oublié
91%
Et toi t'es là même quand ... j'ai peur
90%
Un peu de moi, juste là, comme si ... j'avais attendu ça toute ma vie
90%
Donc vas-y taille la, taille la route mon cœur, et ... je ne verserai pas une larme
90%
Tu m'demandais des conseils ... j'te répondais des notes
90%
Qu'est-ce qui était vrai ? Qu'est-ce qui était faux ? ... j'les ai écoutés sûrement un peu trop
89%
J'suis pas le meilleur pour ça, mais ... j'entends dans ta voix
84%
J'aimerais savoir c'qui m'arrive ... j'suis un peu perdu
80%
La distance est longue mais je sais que ... je vais rentrer chez moi
78%
Parfois, j'ai mal ... j'suis pas normal
77%
Aucun quiz correspondant
Distribution des résultats
% des personnes avec chaque résultat
Percentile par nombre de réponses
Votre historique - résultats
Vous n’avez pas pris ce quiz